Co blokujemy? - Statystyki

Ogólne statystyki
  • Ten quiz został rozwiązany 7 razy
  • Średni wynik to 3 z 5
Statystyki odpowiedzi
Hint Odpowiedź % Poprawnych
5. Ruch
100%
2. Reklamy
50%
4. Wjazd
50%
1. Znajomych
50%
3. Wejście
0%
Nie znaleziono quizów pasujących do podanych kryteriów
Rozkład punktacji
Procent ludzi z każdym wynikiem
Percentyl według liczby udzielonych odpowiedzi
Twoja historia wyników
Nie rozwiązałeś tego quizu